|
|
|
|
| LEADER |
00000naa2a2200000 4500 |
| 001 |
126508 |
| 005 |
20231031131908.0 |
| 035 |
|
|
|a (RuTPU)RU\TPU\book\136858
|
| 090 |
|
|
|a 126508
|
| 100 |
|
|
|a 20071128d2007 k y0rusy50 ca
|
| 101 |
0 |
|
|a rus
|
| 102 |
|
|
|a RU
|
| 200 |
1 |
|
|a Об итогах научных работ кафедры "Геофизические методы поисков и разведки МПИ" (к 60-летию со дня основания кафедры геофизики ТПУ)
|f Л. Я. Ерофеев
|
| 461 |
|
0 |
|0 (RuTPU)RU\TPU\book\132777
|t Проблемы геологии и освоения недр
|o труды X Международного симпозиума имени академика М. А. Усова студентов и молодых ученых, посвященного 100-летию первого выпуска сибирских инженеров и 110-летию основания ТПУ; г. Томск, 3-8 апреля 2006 г.
|f Томский политехнический университет (ТПУ); Институт геологии и нефтегазового дела; под ред. В. А. Домаренко
|d 2007
|
| 463 |
|
0 |
|0 (RuTPU)RU\TPU\book\93780
|t Т. 1
|v С. 232-233
|d 2007
|p 294 с.
|
| 610 |
1 |
|
|a месторождения полезных ископаемых
|
| 610 |
1 |
|
|a геофизические методы
|
| 610 |
1 |
|
|a поиск полезных ископаемых
|
| 610 |
1 |
|
|a кафедры
|
| 610 |
1 |
|
|a разведка полезных ископаемых
|
| 610 |
1 |
|
|a научная работа
|
| 610 |
1 |
|
|a научные исследования
|
| 610 |
1 |
|
|a труды учёных ТПУ
|
| 700 |
|
1 |
|a Ерофеев
|b Л. Я.
|c геолог, геофизик
|c профессор Томского политехнического университета, доктор геолого-минералогических наук
|f 1935-
|g Леонид Яковлевич
|2 stltpush
|3 (RuTPU)RU\TPU\pers\15850
|
| 801 |
|
1 |
|a RU
|b 63413507
|c 20071128
|g PSBO
|
| 801 |
|
2 |
|a RU
|b 63413507
|c 20150604
|g RCR
|
| 942 |
|
|
|c BK
|